| 000 -LEADER |
| fixed length control field |
01838cam a22003857i 4500 |
| 001 - CONTROL NUMBER |
| control field |
20474341 |
| 005 - DATE AND TIME OF LATEST TRANSACTION |
| control field |
20221108162216.0 |
| 008 - FIXED-LENGTH DATA ELEMENTS--GENERAL INFORMATION |
| fixed length control field |
180428t20172017enka b 001 0 eng d |
| 010 ## - LIBRARY OF CONGRESS CONTROL NUMBER |
| LC control number |
2018285135 |
| 020 ## - INTERNATIONAL STANDARD BOOK NUMBER |
| International Standard Book Number |
9780128139707 X |
| Qualifying information |
paperback |
| 035 ## - SYSTEM CONTROL NUMBER |
| System control number |
(OCoLC)ocn988170492 |
| 040 ## - CATALOGING SOURCE |
| Original cataloging agency |
YDX |
| Language of cataloging |
eng |
| Transcribing agency |
YDX |
| Description conventions |
rda |
| Modifying agency |
TEU |
| -- |
OCLCO |
| -- |
OCLCF |
| -- |
KSU |
| -- |
DLC |
| 041 ## - LANGUAGE CODE |
| Language code of text/sound track or separate title |
eng |
| 050 00 - LIBRARY OF CONGRESS CALL NUMBER |
| Classification number |
MLCM 2019/43986 (T) |
| 080 ## - UNIVERSAL DECIMAL CLASSIFICATION NUMBER |
| Universal Decimal Classification number |
621.31+75.071 S-61 |
| 100 1# - MAIN ENTRY--PERSONAL NAME |
| Personal name |
Stazi, Francesca, |
| Relator term |
author. |
| 9 (RLIN) |
8657 |
| 245 10 - TITLE STATEMENT |
| Title |
Thermal inertia in energy efficient building envelopes / |
| Statement of responsibility, etc. |
Francesca Stazi, Polytechnic University of Marche, Ancona, Italy. |
| 264 #1 - PRODUCTION, PUBLICATION, DISTRIBUTION, MANUFACTURE, AND COPYRIGHT NOTICE |
| Place of production, publication, distribution, manufacture |
Kidlington, Oxford ; |
| -- |
Cambridge, MA : |
| Name of producer, publisher, distributor, manufacturer |
Butterworth-Heinemann is an imprint of Elsevier, |
| Date of production, publication, distribution, manufacture, or copyright notice |
[2017] |
| 300 ## - PHYSICAL DESCRIPTION |
| Extent |
xv, 358 pages : |
| Other physical details |
illustrations ; |
| Dimensions |
23 cm. |
| 336 ## - CONTENT TYPE |
| Content type term |
text |
| Content type code |
txt |
| Source |
rdacontent |
| 337 ## - MEDIA TYPE |
| Media type term |
unmediated |
| Media type code |
n |
| Source |
rdamedia |
| 338 ## - CARRIER TYPE |
| Carrier type term |
volume |
| Carrier type code |
nc |
| Source |
rdacarrier |
| 500 ## - GENERAL NOTE |
| General note |
Minimal Level Cataloging Plus. |
| Institution to which field applies |
DLC |
| 504 ## - BIBLIOGRAPHY, ETC. NOTE |
| Bibliography, etc. note |
Includes bibliographical references and index. |
| 505 0# - FORMATTED CONTENTS NOTE |
| Formatted contents note |
High thermal resistance versus high thermal capacity: the dilemma -- The envelope: a complex and dynamic problem -- Retrofit of existing envelopes -- New envelopes -- Passive envelopes -- Experimental methods, analytic explorations, and model reliability. |
| 650 #0 - SUBJECT ADDED ENTRY--TOPICAL TERM |
| Topical term or geographic name entry element |
Insulation (Heat) |
| 9 (RLIN) |
8658 |
| 650 #0 - SUBJECT ADDED ENTRY--TOPICAL TERM |
| Topical term or geographic name entry element |
Buildings |
| General subdivision |
Environmental engineering. |
| 9 (RLIN) |
8659 |
| 650 #7 - SUBJECT ADDED ENTRY--TOPICAL TERM |
| Topical term or geographic name entry element |
Buildings |
| General subdivision |
Environmental engineering. |
| Source of heading or term |
fast |
| Authority record control number or standard number |
(OCoLC)fst00841055 |
| 9 (RLIN) |
8659 |
| 650 #7 - SUBJECT ADDED ENTRY--TOPICAL TERM |
| Topical term or geographic name entry element |
Insulation (Heat) |
| Source of heading or term |
fast |
| Authority record control number or standard number |
(OCoLC)fst00974462 |
| 9 (RLIN) |
8658 |
| 653 ## - INDEX TERM--UNCONTROLLED |
| keyword |
თერმული ინერცია |
| 653 ## - INDEX TERM--UNCONTROLLED |
| keyword |
ენერგოეფექტური შენობები |
| 906 ## - LOCAL DATA ELEMENT F, LDF (RLIN) |
| a |
7 |
| b |
cbc |
| c |
copycat |
| d |
4 |
| e |
ncip |
| f |
20 |
| g |
y-gencatlg |
| 942 ## - ADDED ENTRY ELEMENTS (KOHA) |
| Source of classification or shelving scheme |
|
| Koha item type |
წიგნი |